[Event "RUS-ch Blitz 2021"]
[Site "Sochi"]
[Date "2021.10.11"]
[Round "6.3"]
[White "Pridorozhni, Aleksei"]
[Black "Sjugirov, Sanan"]
[Result "1/2-1/2"]
[WhiteElo "2564"]
[BlackElo "2663"]
[Annotator "ChessBase"]
[PlyCount "61"]
[EventDate "2021.10.11"]
[EventType "blitz"]
[EventCountry "RUS"]
[SourceTitle "playchess.com"]
[Source "ChessBase"]
[SourceQuality "1"]
[TimeControl "180+2"]

1. e4 {[%emt 0:00:00]} c5 {[%emt 0:00:05]} 2. Nc3 {[%emt 0:00:01]} Nc6 {
[%emt 0:00:00]} 3. Bb5 {[%emt 0:00:12]} Nd4 {[%emt 0:00:00]} 4. Bc4 {[%emt 0:
00:00]} a6 {[%emt 0:00:16]} 5. Nf3 {[%emt 0:00:00]} e6 {[%emt 0:00:14]} 6. a4 {
[%emt 0:00:06]} Qc7 {[%emt 0:00:07]} 7. d3 {[%emt 0:00:02]} Nf6 {[%emt 0:00:10]
} 8. Nxd4 {[%emt 0:00:06]} cxd4 {[%emt 0:00:01]} 9. Ne2 {[%emt 0:00:02]} Nxe4 {
[%emt 0:00:11]} 10. Nxd4 {[%emt 0:00:00]} Bb4+ {[%emt 0:00:10]} 11. Kf1 {
[%emt 0:00:17]} Nf6 {[%emt 0:00:04]} 12. Bg5 {[%emt 0:00:30]} Be7 {[%emt 0:00:
00]} 13. Qe2 {[%emt 0:00:10]} O-O {[%emt 0:00:09]} 14. Nf5 {[%emt 0:00:10]} Bd8
{[%emt 0:00:21]} 15. Ng3 {[%emt 0:00:05]} d5 {[%emt 0:00:07]} 16. Bb3 {[%emt 0:
00:01]} Be7 {[%emt 0:00:16]} 17. Re1 {[%emt 0:00:18]} Re8 {[%emt 0:00:06]} 18.
h4 {[%emt 0:00:18]} Bd7 {[%emt 0:00:02]} 19. Nh5 {[%emt 0:00:06]} Nxh5 {
[%emt 0:00:07]} 20. Qxh5 {[%emt 0:00:00]} Bf8 {[%emt 0:00:03]} 21. Rh3 {
[%emt 0:00:24]} b5 {[%emt 0:00:13]} 22. axb5 {[%emt 0:00:04]} Bxb5 {[%emt 0:00:
00]} 23. Rg3 {[%emt 0:00:12]} a5 {[%emt 0:00:01]} 24. Bf6 {[%emt 0:00:10]} g6 {
[%emt 0:00:08]} 25. Qe2 {[%emt 0:00:00]} a4 {[%emt 0:00:08]} 26. Ba2 {[%emt 0:
00:02]} Qf4 {[%emt 0:00:28]} 27. Rf3 {[%emt 0:00:15]} Qh2 {[%emt 0:00:04]} 28.
Rh3 {[%emt 0:00:00]} Qf4 {[%emt 0:00:01]} 29. Rf3 {[%emt 0:00:07]} Qh2 {
[%emt 0:00:16]} 30. Rh3 {[%emt 0:00:00]} Qf4 {[%emt 0:00:00]} 31. Rf3 {[%emt 0:
00:11]} 1/2-1/2

[Event "RUS-ch Blitz 2021"]
[Site "Sochi"]
[Date "2021.10.11"]
[Round "6.4"]
[White "Tsydypov, Zhamsaran"]
[Black "Antipov, Mikhail Al."]
[Result "0-1"]
[WhiteElo "2526"]
[BlackElo "2619"]
[Annotator "ChessBase"]
[PlyCount "96"]
[EventDate "2021.10.11"]
[EventType "blitz"]
[EventCountry "RUS"]
[SourceTitle "playchess.com"]
[Source "ChessBase"]
[SourceQuality "1"]
[TimeControl "180+2"]

1. Nf3 {[%emt 0:00:00]} Nf6 {[%emt 0:00:06]} 2. c4 {[%emt 0:00:04]} c5 {
[%emt 0:00:00]} 3. Nc3 {[%emt 0:00:00]} g6 {[%emt 0:00:05]} 4. e4 {[%emt 0:00:
02]} d6 {[%emt 0:00:01]} 5. h3 {[%emt 0:00:06]} Nc6 {[%emt 0:00:00]} 6. d4 {
[%emt 0:00:09]} cxd4 {[%emt 0:00:00]} 7. Nxd4 {[%emt 0:00:00]} Nxd4 {[%emt 0:
00:06]} 8. Qxd4 {[%emt 0:00:00]} Bg7 {[%emt 0:00:00]} 9. Qe3 {[%emt 0:00:05]}
Be6 {[%emt 0:00:13]} 10. Rb1 {[%emt 0:00:02]} Qb6 {[%emt 0:00:10]} 11. Be2 {
[%emt 0:00:11]} Nd7 {[%emt 0:00:10]} 12. Nb5 {[%emt 0:00:37]} O-O {[%emt 0:00:
13]} 13. O-O {[%emt 0:00:11]} Rfc8 {[%emt 0:00:10]} 14. b3 {[%emt 0:00:10]} a6
{[%emt 0:00:06]} 15. Qxb6 {[%emt 0:00:11]} Nxb6 {[%emt 0:00:00]} 16. Na3 {
[%emt 0:00:03]} Nd7 {[%emt 0:00:01]} 17. Be3 {[%emt 0:00:08]} b5 {[%emt 0:00:
19]} 18. Rfc1 {[%emt 0:00:08]} b4 {[%emt 0:00:00]} 19. Nc2 {[%emt 0:00:00]} a5
{[%emt 0:00:00]} 20. Nd4 {[%emt 0:00:04]} Nc5 {[%emt 0:00:03]} 21. Bf3 {
[%emt 0:00:31]} Ra6 {[%emt 0:00:23]} 22. Rd1 {[%emt 0:00:07]} a4 {[%emt 0:00:
07]} 23. Nxe6 {[%emt 0:00:17]} fxe6 {[%emt 0:00:07]} 24. Bg4 {[%emt 0:00:20]}
Kf7 {[%emt 0:00:00]} 25. Bxc5 {[%emt 0:00:08]} dxc5 {[%emt 0:00:13]} 26. Rd7 {
[%emt 0:00:06]} Bd4 {[%emt 0:00:08]} 27. Bd1 {[%emt 0:00:06]} axb3 {[%emt 0:00:
15]} 28. Bxb3 {[%emt 0:00:00]} Rb8 {[%emt 0:00:26]} 29. Rd1 {[%emt 0:00:09]} e5
{[%emt 0:00:00]} 30. Rd2 {[%emt 0:00:02]} Ke8 {[%emt 0:00:05]} 31. Rd5 {
[%emt 0:00:05]} e6 {[%emt 0:00:11]} 32. R2xd4 {[%emt 0:00:00]} cxd4 {[%emt 0:
00:25]} 33. Rxe5 {[%emt 0:00:00]} d3 {[%emt 0:00:02]} 34. Kf1 {[%emt 0:00:00]}
Rd8 {[%emt 0:00:01]} 35. Ke1 {[%emt 0:00:00]} d2+ {[%emt 0:00:03]} 36. Kd1 {
[%emt 0:00:01]} Ke7 {[%emt 0:00:02]} 37. Rb5 {[%emt 0:00:00]} Rd3 {[%emt 0:00:
02]} 38. Rxb4 {[%emt 0:00:04]} Rad6 {[%emt 0:00:00]} 39. f3 {[%emt 0:00:02]}
Rc3 {[%emt 0:00:03]} 40. Rb7+ {[%emt 0:00:03]} Kf6 {[%emt 0:00:00]} 41. e5+ {
[%emt 0:00:09]} Kxe5 {[%emt 0:00:01]} 42. Ke2 {[%emt 0:00:00]} Kf4 {[%emt 0:00:
05]} 43. Rb4 {[%emt 0:00:05]} Rd4 {[%emt 0:00:04]} 44. Bd1 {[%emt 0:00:02]}
Re3+ {[%emt 0:00:02]} 45. Kf2 {[%emt 0:00:00]} Re1 {[%emt 0:00:00]} 46. Rb1 {
[%emt 0:00:00]} Rxc4 {[%emt 0:00:00]} 47. g3+ {[%emt 0:00:04]} Ke5 {[%emt 0:00:
03]} 48. Rb5+ {[%emt 0:00:00]} Kf6 {[%emt 0:00:03]} 0-1

[Event "RUS-ch Blitz 2021"]
[Site "Sochi"]
[Date "2021.10.11"]
[Round "6.5"]
[White "Sarana, Alexey"]
[Black "Bocharov, Dmitry"]
[Result "1-0"]
[WhiteElo "2649"]
[BlackElo "2517"]
[Annotator "ChessBase"]
[PlyCount "49"]
[EventDate "2021.10.11"]
[EventType "blitz"]
[EventCountry "RUS"]
[SourceTitle "playchess.com"]
[Source "ChessBase"]
[SourceQuality "1"]
[TimeControl "180+2"]

1. d4 {[%emt 0:00:00]} Nf6 {[%emt 0:00:05]} 2. c4 {[%emt 0:00:02]} e6 {[%emt 0:
00:00]} 3. Nf3 {[%emt 0:00:00]} d5 {[%emt 0:00:15]} 4. Nc3 {[%emt 0:00:00]} Be7
{[%emt 0:00:00]} 5. Bf4 {[%emt 0:00:00]} O-O {[%emt 0:00:00]} 6. e3 {[%emt 0:
00:00]} b6 {[%emt 0:00:00]} 7. cxd5 {[%emt 0:00:08]} Nxd5 {[%emt 0:00:00]} 8.
Nxd5 {[%emt 0:00:08]} Qxd5 {[%emt 0:00:01]} 9. Bxc7 {[%emt 0:00:00]} Bb4+ {
[%emt 0:00:00]} 10. Nd2 {[%emt 0:00:00]} Nc6 {[%emt 0:00:05]} 11. a3 {[%emt 0:
00:04]} Bxd2+ {[%emt 0:00:02]} 12. Qxd2 {[%emt 0:00:00]} Na5 {[%emt 0:00:15]}
13. Rd1 {[%emt 0:00:18]} Bb7 {[%emt 0:00:03]} 14. Bg3 {[%emt 0:00:08]} Rfc8 {
[%emt 0:00:46]} 15. f3 {[%emt 0:00:14]} Qb3 {[%emt 0:00:46]} 16. Bd3 {[%emt 0:
01:08]} Nc4 {[%emt 0:00:04]} 17. Bxc4 {[%emt 0:00:38]} Rxc4 {[%emt 0:00:00]}
18. O-O {[%emt 0:00:16]} Rc2 {[%emt 0:00:04]} 19. Qb4 {[%emt 0:00:00]} Qxb4 {
[%emt 0:00:15]} 20. axb4 {[%emt 0:00:00]} Rxb2 {[%emt 0:00:00]} 21. Rc1 {
[%emt 0:00:07]} Rxb4 {[%emt 0:00:08]} 22. Rc7 {[%emt 0:00:01]} Bd5 {[%emt 0:00:
01]} 23. e4 {[%emt 0:00:00]} Bc4 {[%emt 0:00:08]} 24. Ra1 {[%emt 0:00:07]} a6 {
[%emt 0:00:50]} 25. Bd6 {[%emt 0:00:00]} 1-0

[Event "RUS-ch Blitz 2021"]
[Site "Sochi"]
[Date "2021.10.11"]
[Round "6.6"]
[White "Alekseev, Evgeny"]
[Black "Riazantsev, Alexander"]
[Result "1/2-1/2"]
[WhiteElo "2602"]
[BlackElo "2634"]
[Annotator "ChessBase"]
[PlyCount "69"]
[EventDate "2021.10.11"]
[EventType "blitz"]
[EventCountry "RUS"]
[SourceTitle "playchess.com"]
[Source "ChessBase"]
[SourceQuality "1"]
[TimeControl "180+2"]

1. e4 {[%emt 0:00:00]} e5 {[%emt 0:00:00]} 2. Nf3 {[%emt 0:00:07]} Nc6 {
[%emt 0:00:03]} 3. Bb5 {[%emt 0:00:00]} a6 {[%emt 0:00:00]} 4. Ba4 {[%emt 0:00:
00]} Nf6 {[%emt 0:00:00]} 5. d3 {[%emt 0:00:07]} b5 {[%emt 0:00:00]} 6. Bb3 {
[%emt 0:00:00]} Bc5 {[%emt 0:00:00]} 7. Nc3 {[%emt 0:00:00]} h6 {[%emt 0:00:17]
} 8. a3 {[%emt 0:00:05]} d6 {[%emt 0:00:03]} 9. Nd5 {[%emt 0:00:05]} Rb8 {
[%emt 0:00:11]} 10. c3 {[%emt 0:00:05]} Nxd5 {[%emt 0:00:05]} 11. Bxd5 {
[%emt 0:00:00]} Ne7 {[%emt 0:00:00]} 12. Ba2 {[%emt 0:00:02]} O-O {[%emt 0:00:
21]} 13. O-O {[%emt 0:00:20]} Ng6 {[%emt 0:00:07]} 14. h3 {[%emt 0:00:03]} Bb6
{[%emt 0:00:09]} 15. Be3 {[%emt 0:00:14]} Be6 {[%emt 0:00:00]} 16. d4 {[%emt 0:
00:08]} Bxa2 {[%emt 0:00:14]} 17. Rxa2 {[%emt 0:00:00]} c5 {[%emt 0:00:05]} 18.
Ra1 {[%emt 0:00:14]} c4 {[%emt 0:00:25]} 19. Qc2 {[%emt 0:00:10]} Qf6 {[%emt 0:
00:11]} 20. Rfd1 {[%emt 0:00:15]} Rfe8 {[%emt 0:00:21]} 21. a4 {[%emt 0:00:04]}
Nf4 {[%emt 0:00:23]} 22. axb5 {[%emt 0:00:14]} axb5 {[%emt 0:00:00]} 23. Bxf4 {
[%emt 0:00:22]} exf4 {[%emt 0:00:05]} 24. e5 {[%emt 0:00:12]} dxe5 {[%emt 0:00:
23]} 25. Nxe5 {[%emt 0:00:00]} Bc7 {[%emt 0:00:07]} 26. Nf3 {[%emt 0:00:27]} g6
{[%emt 0:00:00]} 27. Re1 {[%emt 0:00:02]} Qc6 {[%emt 0:00:08]} 28. Nd2 {
[%emt 0:00:11]} Kg7 {[%emt 0:00:05]} 29. Nf3 {[%emt 0:00:05]} Bd6 {[%emt 0:00:
05]} 30. Kf1 {[%emt 0:00:00]} b4 {[%emt 0:00:02]} 31. Kg1 {[%emt 0:00:15]} Qd5
{[%emt 0:00:04]} 32. Kf1 {[%emt 0:00:00]} Qc6 {[%emt 0:00:00]} 33. Kg1 {
[%emt 0:00:03]} Qd5 {[%emt 0:00:00]} 34. Kf1 {[%emt 0:00:05]} Bf8 {[%emt 0:00:
02]} 35. Qd1 {[%emt 0:00:00]} 1/2-1/2

[Event "RUS-ch Blitz 2021"]
[Site "Sochi"]
[Date "2021.10.11"]
[Round "6.7"]
[White "Makarian, Rudik"]
[Black "Kobalia, Mikhail"]
[Result "1/2-1/2"]
[WhiteElo "2470"]
[BlackElo "2600"]
[Annotator "ChessBase"]
[PlyCount "75"]
[EventDate "2021.10.11"]
[EventType "blitz"]
[EventCountry "RUS"]
[SourceTitle "playchess.com"]
[Source "ChessBase"]
[SourceQuality "1"]
[TimeControl "180+2"]

1. d4 {[%emt 0:00:00]} d5 {[%emt 0:00:00]} 2. c4 {[%emt 0:00:07]} c6 {[%emt 0:
00:01]} 3. Nf3 {[%emt 0:00:00]} Nf6 {[%emt 0:00:00]} 4. Nc3 {[%emt 0:00:00]} e6
{[%emt 0:00:00]} 5. Bg5 {[%emt 0:00:08]} Nbd7 {[%emt 0:00:02]} 6. e3 {[%emt 0:
00:00]} h6 {[%emt 0:00:00]} 7. Bf4 {[%emt 0:00:00]} Nh5 {[%emt 0:00:00]} 8.
cxd5 {[%emt 0:00:10]} exd5 {[%emt 0:00:09]} 9. Bd3 {[%emt 0:00:00]} Bb4 {
[%emt 0:00:11]} 10. O-O {[%emt 0:00:08]} Nxf4 {[%emt 0:00:04]} 11. exf4 {
[%emt 0:00:04]} O-O {[%emt 0:00:02]} 12. Qc2 {[%emt 0:00:05]} Re8 {[%emt 0:00:
44]} 13. Rfe1 {[%emt 0:00:00]} Rxe1+ {[%emt 0:00:11]} 14. Rxe1 {[%emt 0:00:05]}
Nf6 {[%emt 0:00:07]} 15. Ne5 {[%emt 0:00:00]} Bd7 {[%emt 0:00:06]} 16. a3 {
[%emt 0:00:07]} Bxc3 {[%emt 0:00:02]} 17. Qxc3 {[%emt 0:00:00]} Rc8 {[%emt 0:
00:00]} 18. h3 {[%emt 0:00:04]} Be8 {[%emt 0:00:04]} 19. b4 {[%emt 0:00:06]}
Qd6 {[%emt 0:00:06]} 20. g4 {[%emt 0:00:10]} Ne4 {[%emt 0:00:21]} 21. Bxe4 {
[%emt 0:00:42]} dxe4 {[%emt 0:00:01]} 22. Rxe4 {[%emt 0:00:07]} f6 {[%emt 0:00:
01]} 23. Nc4 {[%emt 0:00:12]} Qd5 {[%emt 0:00:00]} 24. Qd3 {[%emt 0:00:02]} Bg6
{[%emt 0:00:27]} 25. f5 {[%emt 0:00:00]} Bf7 {[%emt 0:00:00]} 26. Ne3 {[%emt 0:
00:00]} Qa2 {[%emt 0:00:02]} 27. Re7 {[%emt 0:00:03]} Rd8 {[%emt 0:00:01]} 28.
Rxb7 {[%emt 0:00:19]} Qa1+ {[%emt 0:00:00]} 29. Kg2 {[%emt 0:00:27]} Rxd4 {
[%emt 0:00:00]} 30. Qc2 {[%emt 0:00:00]} Qxa3 {[%emt 0:00:40]} 31. Qxc6 {
[%emt 0:00:07]} Qb3 {[%emt 0:00:16]} 32. Qc8+ {[%emt 0:00:10]} Kh7 {[%emt 0:00:
04]} 33. Rb8 {[%emt 0:00:13]} Bg8 {[%emt 0:00:00]} 34. Qc7 {[%emt 0:00:05]}
Rxb4 {[%emt 0:00:03]} 35. Rxb4 {[%emt 0:00:11]} Qxb4 {[%emt 0:00:00]} 36. Qxa7
{[%emt 0:00:03]} Qe4+ {[%emt 0:00:01]} 37. Kg1 {[%emt 0:00:01]} Qf3 {[%emt 0:
00:05]} 38. Qd4 {[%emt 0:00:12]} 1/2-1/2

[Event "RUS-ch Blitz 2021"]
[Site "Sochi"]
[Date "2021.10.11"]
[Round "6.8"]
[White "Matinian, Nikita"]
[Black "Iljiushenok, Ilia"]
[Result "0-1"]
[WhiteElo "2454"]
[BlackElo "2554"]
[Annotator "ChessBase"]
[PlyCount "128"]
[EventDate "2021.10.11"]
[EventType "blitz"]
[EventCountry "RUS"]
[SourceTitle "playchess.com"]
[Source "ChessBase"]
[SourceQuality "1"]
[TimeControl "180+2"]

1. e4 {[%emt 0:00:00]} c5 {[%emt 0:00:00]} 2. Nc3 {[%emt 0:00:00]} a6 {[%emt 0:
00:00]} 3. f4 {[%emt 0:00:00]} d6 {[%emt 0:00:12]} 4. Nf3 {[%emt 0:00:04]} Nc6
{[%emt 0:00:07]} 5. d4 {[%emt 0:00:19]} cxd4 {[%emt 0:00:05]} 6. Nxd4 {[%emt 0:
00:00]} Bd7 {[%emt 0:00:07]} 7. Nxc6 {[%emt 0:00:27]} Bxc6 {[%emt 0:00:00]} 8.
Be3 {[%emt 0:00:03]} Nf6 {[%emt 0:00:18]} 9. Bd3 {[%emt 0:00:00]} e6 {[%emt 0:
00:00]} 10. Qe2 {[%emt 0:00:09]} Be7 {[%emt 0:00:19]} 11. O-O-O {[%emt 0:00:01]
} Qc7 {[%emt 0:00:00]} 12. g4 {[%emt 0:00:00]} b5 {[%emt 0:00:04]} 13. g5 {
[%emt 0:00:17]} Nd7 {[%emt 0:00:00]} 14. Rhe1 {[%emt 0:00:03]} O-O {[%emt 0:00:
38]} 15. h4 {[%emt 0:00:18]} b4 {[%emt 0:00:04]} 16. Nb1 {[%emt 0:00:21]} a5 {
[%emt 0:00:00]} 17. h5 {[%emt 0:00:00]} a4 {[%emt 0:00:04]} 18. g6 {[%emt 0:00:
00]} h6 {[%emt 0:00:13]} 19. gxf7+ {[%emt 0:00:00]} Rxf7 {[%emt 0:00:00]} 20.
Qg4 {[%emt 0:00:16]} Nf8 {[%emt 0:00:39]} 21. f5 {[%emt 0:00:00]} exf5 {
[%emt 0:00:00]} 22. exf5 {[%emt 0:00:00]} b3 {[%emt 0:00:00]} 23. axb3 {
[%emt 0:00:00]} axb3 {[%emt 0:00:00]} 24. Bc4 {[%emt 0:00:23]} d5 {[%emt 0:00:
00]} 25. Bxb3 {[%emt 0:00:05]} Bf6 {[%emt 0:00:09]} 26. Bxh6 {[%emt 0:00:12]}
Ra1 {[%emt 0:00:13]} 27. Bg5 {[%emt 0:00:09]} Nh7 {[%emt 0:00:42]} 28. Bxf6 {
[%emt 0:00:00]} Nxf6 {[%emt 0:00:00]} 29. Qd4 {[%emt 0:00:00]} Qh2 {[%emt 0:00:
00]} 30. Rh1 {[%emt 0:00:00]} Qe2 {[%emt 0:00:00]} 31. Rde1 {[%emt 0:00:00]}
Qf3 {[%emt 0:00:00]} 32. h6 {[%emt 0:00:00]} Ne4 {[%emt 0:00:00]} 33. h7+ {
[%emt 0:00:51]} Kh8 {[%emt 0:00:00]} 34. Qe5 {[%emt 0:00:00]} Qxf5 {[%emt 0:00:
14]} 35. Qxf5 {[%emt 0:00:02]} Rxf5 {[%emt 0:00:00]} 36. c4 {[%emt 0:00:10]}
dxc4 {[%emt 0:00:00]} 37. Bxc4 {[%emt 0:00:00]} Rc5 {[%emt 0:00:00]} 38. b3 {
[%emt 0:00:00]} Ra2 {[%emt 0:00:08]} 39. Nc3 {[%emt 0:00:02]} Nxc3 {[%emt 0:00:
00]} 40. Ref1 {[%emt 0:00:00]} Ra8 {[%emt 0:00:04]} 41. Kb2 {[%emt 0:00:04]}
Ne4 {[%emt 0:00:00]} 42. Rf4 {[%emt 0:00:00]} Nd6 {[%emt 0:00:00]} 43. Rc1 {
[%emt 0:00:07]} Nxc4+ {[%emt 0:00:05]} 44. Rfxc4 {[%emt 0:00:00]} Rxc4 {
[%emt 0:00:00]} 45. Rxc4 {[%emt 0:00:00]} Bd5 {[%emt 0:00:00]} 46. Rh4 {
[%emt 0:00:00]} Rb8 {[%emt 0:00:04]} 47. b4 {[%emt 0:00:03]} Be6 {[%emt 0:00:
05]} 48. Kc3 {[%emt 0:00:01]} Rb5 {[%emt 0:00:00]} 49. Rh2 {[%emt 0:00:00]} g5
{[%emt 0:00:03]} 50. Rh6 {[%emt 0:00:03]} Bf7 {[%emt 0:00:00]} 51. Rf6 {
[%emt 0:00:07]} Rb7 {[%emt 0:00:01]} 52. Rf5 {[%emt 0:00:01]} g4 {[%emt 0:00:
00]} 53. Rg5 {[%emt 0:00:01]} Be6 {[%emt 0:00:02]} 54. Rg6 {[%emt 0:00:00]}
Rc7+ {[%emt 0:00:03]} 55. Kd4 {[%emt 0:00:01]} Bf7 {[%emt 0:00:00]} 56. Rg5 {
[%emt 0:00:06]} Kxh7 {[%emt 0:00:00]} 57. b5 {[%emt 0:00:00]} Rc4+ {[%emt 0:00:
03]} 58. Ke3 {[%emt 0:00:05]} Rb4 {[%emt 0:00:00]} 59. Kf2 {[%emt 0:00:03]} Kh6
{[%emt 0:00:00]} 60. Rc5 {[%emt 0:00:02]} Rb3 {[%emt 0:00:07]} 61. Rc6+ {
[%emt 0:00:06]} Kg5 {[%emt 0:00:00]} 62. b6 {[%emt 0:00:00]} g3+ {[%emt 0:00:
04]} 63. Kf1 {[%emt 0:00:00]} Rb1+ {[%emt 0:00:02]} 64. Ke2 {[%emt 0:00:06]} g2
{[%emt 0:00:01]} 0-1

[Event "RUS-ch Blitz 2021"]
[Site "Sochi"]
[Date "2021.10.11"]
[Round "6.9"]
[White "Afanasiev, Nikita"]
[Black "Vastrukhin, Oleg"]
[Result "0-1"]
[WhiteElo "2560"]
[BlackElo "2382"]
[Annotator "ChessBase"]
[PlyCount "72"]
[EventDate "2021.10.11"]
[EventType "blitz"]
[EventCountry "RUS"]
[SourceTitle "playchess.com"]
[Source "ChessBase"]
[SourceQuality "1"]
[TimeControl "180+2"]

1. b3 {[%emt 0:00:00]} Nf6 {[%emt 0:00:06]} 2. Bb2 {[%emt 0:00:02]} d5 {
[%emt 0:00:01]} 3. g3 {[%emt 0:00:00]} Nc6 {[%emt 0:00:03]} 4. Nf3 {[%emt 0:00:
15]} Bg4 {[%emt 0:00:00]} 5. Bg2 {[%emt 0:00:00]} Qd7 {[%emt 0:00:04]} 6. h3 {
[%emt 0:00:00]} Bxf3 {[%emt 0:00:03]} 7. exf3 {[%emt 0:00:08]} e6 {[%emt 0:00:
08]} 8. O-O {[%emt 0:00:01]} Be7 {[%emt 0:00:05]} 9. f4 {[%emt 0:00:00]} O-O {
[%emt 0:00:03]} 10. Re1 {[%emt 0:00:01]} a5 {[%emt 0:00:02]} 11. a3 {[%emt 0:
00:07]} a4 {[%emt 0:00:27]} 12. b4 {[%emt 0:00:00]} Na7 {[%emt 0:00:04]} 13. d3
{[%emt 0:00:16]} c5 {[%emt 0:00:06]} 14. bxc5 {[%emt 0:00:06]} Bxc5 {[%emt 0:
00:00]} 15. Bxf6 {[%emt 0:00:03]} gxf6 {[%emt 0:00:00]} 16. d4 {[%emt 0:00:05]}
Bd6 {[%emt 0:00:07]} 17. c4 {[%emt 0:00:08]} dxc4 {[%emt 0:00:12]} 18. Nc3 {
[%emt 0:00:00]} Rfd8 {[%emt 0:00:07]} 19. Nxa4 {[%emt 0:00:05]} Nc8 {[%emt 0:
00:06]} 20. Nb2 {[%emt 0:00:31]} Nb6 {[%emt 0:00:06]} 21. f5 {[%emt 0:00:23]}
exf5 {[%emt 0:00:08]} 22. Qf3 {[%emt 0:00:13]} Bf8 {[%emt 0:00:07]} 23. Nd1 {
[%emt 0:00:08]} Nd5 {[%emt 0:00:19]} 24. Qh5 {[%emt 0:00:00]} Rxa3 {[%emt 0:00:
16]} 25. Rxa3 {[%emt 0:00:44]} Bxa3 {[%emt 0:00:00]} 26. Bxd5 {[%emt 0:00:08]}
Qxd5 {[%emt 0:00:00]} 27. Ne3 {[%emt 0:00:00]} Qe4 {[%emt 0:00:15]} 28. Kh2 {
[%emt 0:00:00]} Bf8 {[%emt 0:00:04]} 29. Re2 {[%emt 0:00:00]} c3 {[%emt 0:00:
12]} 30. Nxf5 {[%emt 0:00:13]} Qc6 {[%emt 0:00:00]} 31. Qg4+ {[%emt 0:00:20]}
Kh8 {[%emt 0:00:01]} 32. Qh4 {[%emt 0:00:05]} b5 {[%emt 0:00:10]} 33. Qg4 {
[%emt 0:00:04]} c2 {[%emt 0:00:09]} 34. d5 {[%emt 0:00:00]} Rxd5 {[%emt 0:00:
06]} 35. Ne3 {[%emt 0:00:03]} c1=Q {[%emt 0:00:15]} 36. Nxd5 {[%emt 0:00:03]}
Qxd5 {[%emt 0:00:00]} 0-1

[Event "RUS-ch Blitz 2021"]
[Site "Sochi"]
[Date "2021.10.11"]
[Round "6.10"]
[White "Rozum, Ivan"]
[Black "Kukhmazov, Arsen"]
[Result "1-0"]
[WhiteElo "2529"]
[BlackElo "2472"]
[Annotator "ChessBase"]
[PlyCount "102"]
[EventDate "2021.10.11"]
[EventType "blitz"]
[EventCountry "RUS"]
[SourceTitle "playchess.com"]
[Source "ChessBase"]
[SourceQuality "1"]
[TimeControl "180+2"]

1. b3 {[%emt 0:00:00]} d5 {[%emt 0:00:00]} 2. Bb2 {[%emt 0:00:08]} c6 {[%emt 0:
00:04]} 3. d3 {[%emt 0:00:00]} Bf5 {[%emt 0:00:00]} 4. Nd2 {[%emt 0:00:00]} h6
{[%emt 0:00:10]} 5. e4 {[%emt 0:00:00]} Bh7 {[%emt 0:00:00]} 6. g3 {[%emt 0:00:
05]} e6 {[%emt 0:00:00]} 7. Bg2 {[%emt 0:00:00]} Nf6 {[%emt 0:00:03]} 8. Nh3 {
[%emt 0:00:14]} a5 {[%emt 0:00:00]} 9. a3 {[%emt 0:00:12]} Bc5 {[%emt 0:00:15]}
10. O-O {[%emt 0:00:02]} O-O {[%emt 0:00:02]} 11. Qe2 {[%emt 0:00:06]} Na6 {
[%emt 0:00:05]} 12. Kh1 {[%emt 0:00:06]} dxe4 {[%emt 0:00:23]} 13. dxe4 {
[%emt 0:00:00]} Bd4 {[%emt 0:00:01]} 14. c3 {[%emt 0:00:14]} Ba7 {[%emt 0:00:
08]} 15. b4 {[%emt 0:00:09]} e5 {[%emt 0:00:52]} 16. Rad1 {[%emt 0:00:11]} Qc7
{[%emt 0:00:07]} 17. Nc4 {[%emt 0:00:02]} a4 {[%emt 0:00:16]} 18. f3 {[%emt 0:
00:28]} Rad8 {[%emt 0:00:02]} 19. Nf2 {[%emt 0:00:02]} Qe7 {[%emt 0:00:25]} 20.
Nd3 {[%emt 0:00:15]} Nd7 {[%emt 0:00:00]} 21. Bc1 {[%emt 0:00:08]} f6 {[%emt 0:
00:20]} 22. Na5 {[%emt 0:00:17]} Rb8 {[%emt 0:00:16]} 23. Nb2 {[%emt 0:00:06]}
Qe6 {[%emt 0:00:13]} 24. Nxa4 {[%emt 0:00:11]} Rfd8 {[%emt 0:00:00]} 25. Nb2 {
[%emt 0:00:02]} Nc7 {[%emt 0:00:02]} 26. Qc4 {[%emt 0:00:03]} Kf8 {[%emt 0:00:
02]} 27. Bh3 {[%emt 0:00:16]} Qxh3 {[%emt 0:00:07]} 28. Qe2 {[%emt 0:00:24]}
Qe6 {[%emt 0:00:00]} 29. Kg2 {[%emt 0:00:03]} Bg8 {[%emt 0:00:04]} 30. Be3 {
[%emt 0:00:00]} Bxe3 {[%emt 0:00:00]} 31. Qxe3 {[%emt 0:00:04]} b6 {[%emt 0:00:
00]} 32. Nac4 {[%emt 0:00:02]} b5 {[%emt 0:00:06]} 33. Na5 {[%emt 0:00:04]} Bf7
{[%emt 0:00:02]} 34. Rd2 {[%emt 0:00:00]} Be8 {[%emt 0:00:03]} 35. Rfd1 {
[%emt 0:00:00]} Rbc8 {[%emt 0:00:01]} 36. Nb7 {[%emt 0:00:01]} Qe7 {[%emt 0:00:
02]} 37. Nxd8 {[%emt 0:00:07]} Qxd8 {[%emt 0:00:02]} 38. c4 {[%emt 0:00:00]}
Ne6 {[%emt 0:00:02]} 39. Rd6 {[%emt 0:00:09]} Ke7 {[%emt 0:00:00]} 40. c5 {
[%emt 0:00:01]} Nd4 {[%emt 0:00:02]} 41. f4 {[%emt 0:00:03]} Qc7 {[%emt 0:00:
03]} 42. Nd3 {[%emt 0:00:00]} Ne6 {[%emt 0:00:03]} 43. Qd2 {[%emt 0:00:01]} Rd8
{[%emt 0:00:02]} 44. Qc3 {[%emt 0:00:04]} Nd4 {[%emt 0:00:00]} 45. fxe5 {
[%emt 0:00:02]} fxe5 {[%emt 0:00:01]} 46. Nxe5 {[%emt 0:00:01]} Nxe5 {[%emt 0:
00:05]} 47. Qxd4 {[%emt 0:00:00]} Nf7 {[%emt 0:00:00]} 48. e5 {[%emt 0:00:02]}
Rc8 {[%emt 0:00:02]} 49. e6 {[%emt 0:00:00]} Kf8 {[%emt 0:00:04]} 50. exf7 {
[%emt 0:00:03]} Bxf7 {[%emt 0:00:00]} 51. Rd8+ {[%emt 0:00:00]} Qxd8 {[%emt 0:
00:05]} 1-0